Digestibility of crude protein and fat from feed rations for minks with different proportions of bovine lungs

Bibliographic Details
Main Authors: Mertin, Dušan (Author), Süvegová, Karin (Author), Fľak, Pavel (Author)
Format: Article
Language:Slovak
PhysicalDescription:Tab.
ISSN:0551-3677
Subjects:

MARC

LEADER 00000nab a2200000 a 4500
001 vtls000853338
003 SK-MaSNL
005 20260304171038.0
008 250429c2003 xo 0 slo
015 |a SNBRB2003/11-33501 
035 |a CLN000204993 
035 |a urn:nbn:sk:snk-ab1gpc 
035 |a (urnnbn)urn:nbn:sk:snk:ar-003ns9 
035 |a (uuid)fc3bba27-dea8-45aa-b274-f6e99dd2eeeb 
040 |a SNKBUCL  |b slo  |c SNKBUCL  |e AACR2 
041 0 |a slo 
044 |a xo  |c SK 
080 |a 636.934.085.2.087.6  |2 1997 
100 1 |a Mertin, Dušan  |4 aut  |9 10798 
245 1 0 |a Digestibility of crude protein and fat from feed rations for minks with different proportions of bovine lungs  |c Dušan Mertin, Karin Süvegová, Pavel Fľak 
246 1 1 |a Stráviteľnosť dusíkatých látok a tuku z kŕmnych dávok pre norky s rôznym podielom hovädzích pľúc 
300 |b Tab. 
504 |a Res. angl., slov. 
504 |a Bibliogr. odkazy 
650 0 7 |a norky  |2 snkbucl  |9 86779 
650 0 7 |a látky dusíkaté  |2 snkbucl  |9 850507 
650 0 7 |a tuk  |2 snkbucl  |9 1058460 
650 0 7 |a stráviteľnosť  |2 snkbucl  |9 876470 
650 0 7 |a kŕmne dávky  |2 snkbucl  |9 87204 
655 7 |a články z novín a časopisov  |2 snkbucl  |9 267496 
700 1 |a Süvegová, Karin  |4 aut  |9 10844 
700 1 |a Fľak, Pavel  |4 aut  |9 5306 
773 0 |t Agriculture  |g Roč. 49, č. 4 (2003), s. 173-178  |x 0551-3677 
850 |a Slovenská národná knižnica 
852 |a Slovenská národná knižnica 
954 |a odborná, vedecká literatúra pôvodná (slovenská)  |2 lita 
958 |a article27 
958 |a OND 
958 |a NB 
958 |a EUIPO 
992 |a RBX 
999 |c 2991213  |d 2993143